000 01860cam a22004934i 4500
003 PE-LiUPU
005 20250731172947.0
008 150623s r 000 0 d
020 _a156563277X
035 _a(Sirsi) i9781565632776
040 _aPE-LiUPU
_bspa
_cPE-LiUPU
_erda
049 _aPRUA
082 0 4 _a234.7092
_bK84
_221
100 1 _aKruse, Colin G.,
_eautor.
245 1 0 _aPaul, the law, and justification /
_cColin G. Kruse.
264 1 _aMassachusetts :
_bHendrickson Publishers,
_c1996.
300 _a318 páginas ;
_c21 centímetros
336 _atext
_2rdacontent
337 _aunmediated
_2rdamedia
338 _avolume
_2rdacarrier
504 _aIncluye bibliografía.
505 0 _aSurvey of selected monographs. -Galatians: the charter of freedom. -Corinthians: the regulation of freedom. -Corinthians: authentic ministry, the law and justification. -Romans 1-5 : justification apart from the law. -Romans 6 - 15: answering objections and explaining implications. -Summary.
526 _aSEG42
526 _aSEG41
526 _aSEG40
526 _aSEG39
526 _aP94
526 _aP87
526 _aP86
526 _aP85
526 _aP77
526 _aP76
526 _aP35
600 1 _aPablo, el ApóstolSanto
630 _aBiblia.
_pN.T.
_pEpístolas de Pablo
_xTEOLOGIA.
650 0 4 _aJustificación (teología cristiana)
_xEnseñanza bíblica.
650 0 4 _aLey judía.
942 _2ddc
_cBOOK
949 _a234.7092 K84
_wDEWEY
_c1
_i44816
_lCCODEBUL1
_mBUL
_r0
_sY
_tBOOK
_u2015-6-24
_xTEOLOGIA
_PP35
_0COMPRA
_o.STAFF. Colección General
994 _aC0
_bPEPRU
596 _a1
999 _a234.7092 K84
_wDEWEY
_c21686
_i44816
_f2021-11-10
_g5
_lCCODEBUL1
_mBUL
_r0
_sY
_tBOOK
_u2015-6-24
_xTEOLOGIA
_PP35
_0COMPRA
_o.STAFF. Colección General
_d21686
980 _81
_gALBERTO SANCHEZ Responsable de Automatización